Logos Through the Ages: Amazon Quiz Stats

 Plays Quiz Updated Oct 25, 2018

Support Sporcle.
Go Orange.
Score 0/6 Timer 02:00
0 Plays Today
% Correct
???
98.3%
???
91.6%
???
91.3%
???
89.6%
???
88.8%
???
35.9%

You're not logged in!

Compare scores with friends on all Sporcle quizzes.
OR
Log In
Forgot?

From the Vault

Before and After Presidency

by 123Four

History 6m
Do presidents become postsidents when their terms are over?
Remove Ads.
Support Sporcle.
Get the best of Sporcle when you Go Orange. This ad-free experience offers more features, more stats, and more fun while also helping to support Sporcle. Thank you for becoming a member.

Show Comments

Extras

Top Quizzes Today


Score Distribution

Your Account Isn't Verified!

In order to create a playlist on Sporcle, you need to verify the email address you used during registration. Go to your Sporcle Settings to finish the process.

Report this User

Report this user for behavior that violates our Community Guidelines.

Details: